| 000 | 01375cam a2200373 a 4500 | ||
|---|---|---|---|
| 001 | 4364123 | ||
| 003 | OSt | ||
| 005 | 20251202144922.0 | ||
| 008 | 900209s1990 ilu b 001 0 eng | ||
| 010 | _a 90080623 | ||
| 020 |
_a0891075828 : _c$9.95 (est.) |
||
| 020 | _a9780891075820 | ||
| 035 | _a4364123 | ||
| 040 |
_aDLC _cDLC _dDLC |
||
| 050 | 0 | 0 |
_aPN49 _b.V45 1990 |
| 082 | 0 | 0 |
_a809/.93382 _220 |
| 100 | 1 |
_aVeith, Gene Edward, _d1951- |
|
| 245 | 1 | 0 |
_aReading between the lines : _ba Christian guide to literature / _cGene Edward Veith, Jr. |
| 260 |
_aWheaton, Ill. : _bCrossway Books, _cc1990. |
||
| 300 |
_a254 p. ; _c22 cm. |
||
| 336 |
_atext _btxt _2rdacontent |
||
| 337 |
_aunmediated _bn _2rdamedia |
||
| 338 |
_avolume _bnc _2rdacarrier |
||
| 440 | 0 | _aTurning point Christian worldview series | |
| 500 | _a"Published in association with the Fieldstead Institute ... Irvine, California"--T.p. verso. | ||
| 504 | _aIncludes bibliographical references (p. [231]-245) and indexes. | ||
| 650 | 0 | _aChristianity and literature. | |
| 650 | 0 | _aLiterature and morals. | |
| 856 | 4 | 2 |
_3Publisher description _uhttp://www.loc.gov/catdir/enhancements/fy0912/90080623-d.html |
| 906 |
_a7 _bcbc _corignew _d2 _eopcn _f19 _gy-gencatlg |
||
| 942 |
_2lcc _cBK |
||
| 999 |
_c20850 _d20849 |
||